Countries with the Most Olympic Medals in Athletics - Statistics

General Stats
  • This quiz has been taken 32,541 times
    32,417 since last reset
  • The average score is 15 of 20
Answer Stats
G S B Medals Country % Correct
358 280 223 861 United States
100%
56 87 77 220 Great Britain
95%
12 13 18 43 China
94%
13 28 30 71 France
94%
36 62 62 160 Germany
incl. West Germany
94%
18 21 19 58 Russia
91%
19 19 33 71 Canada
88%
24 16 28 68 Italy
86%
22 29 32 83 Australia
81%
27 39 27 93 Jamaica
77%
21 23 41 85 Sweden
72%
71 66 77 214 Soviet Union
incl. Unified Team
71%
38 43 36 117 Kenya
69%
29 20 18 67 Poland
65%
24 15 23 62 Ethiopia
58%
48 36 30 114 Finland
54%
38 36 35 109 East Germany
46%
10 13 18 41 Hungary
42%
11 14 20 45 Cuba
41%
11 14 10 35 Romania
41%
No matching quizzes found
Score Distribution
Percent of People with Each Score
Percentile by Number Answered
Your Score History
You have not taken this quiz since the last reset